<?xml version="1.0" encoding="UTF-8"?>
<marc:record xmlns:marc="http://www.loc.gov/MARC21/slim">
   <marc:leader>00000nam a2200000 a 4500</marc:leader>
   <marc:datafield ind1=" " ind2=" " tag="653">
      <marc:subfield code="a">Einführung</marc:subfield>
   </marc:datafield>
   <marc:datafield ind1=" " ind2=" " tag="653">
      <marc:subfield code="a">Weltall</marc:subfield>
   </marc:datafield>
   <marc:datafield ind1=" " ind2=" " tag="653">
      <marc:subfield code="a">CD-ROM</marc:subfield>
   </marc:datafield>
   <marc:datafield ind1="0" ind2="0" tag="245">
      <marc:subfield code="a">Der Kosmos</marc:subfield>
   </marc:datafield>
   <marc:datafield ind1="0" ind2="0" tag="245">
      <marc:subfield code="b">[Kosmos und Kosmologie, Galaxien, Sternsysteme und -typen, Meteore, unser Sonnensystem]</marc:subfield>
   </marc:datafield>
   <marc:datafield ind1=" " ind2="1" tag="264">
      <marc:subfield code="b">MegaSystems</marc:subfield>
      <marc:subfield code="c">1998</marc:subfield>
   </marc:datafield>
   <marc:datafield ind1="1" ind2=" " tag="490">
      <marc:subfield code="a">glasklar</marc:subfield>
   </marc:datafield>
   <marc:datafield ind1="1" ind2=" " tag="520">
      <marc:subfield code="a">Systemvoraussetzungen: Windows 3.1x/Windows 95; Prozessor 486er oder höher; Arbeitsspeicher 8 MB oder höher; Bildschirm VGA 640x480 Auflösung, 256 Farben (die Einstellung einer Farbtiefe von mind. 16 Bit - High Color - wird dringend empfohlen); CD-ROM-Laufwerk min. Quadro-Speed; 4 MB freier Festplattenspeicher; Soundkarte empfohlen; Microsoft Maus oder kompatibles Zeigegerät</marc:subfield>
   </marc:datafield>
   <marc:datafield ind1="3" ind2=" " tag="024">
      <marc:subfield code="a">9783931996901</marc:subfield>
   </marc:datafield>
</marc:record>
